Statistics for Countries by Borders #2

Click here to take the quiz!

General Stats

  • This quiz has been taken 47,447 times
  • The average score is 16 of 20

Answer Stats

Land Borders Country % Correct
United StatesCanada
100%
IrelandUnited Kingdom
94%
Norway, Sweden, RussiaFinland
93%
France, Germany, Luxembourg, NetherlandsBelgium
88%
HaitiDominican Republic
85%
East Timor, Malaysia, Papua New GuineaIndonesia
85%
Saudi Arabia, United Arab Emirates, YemenOman
83%
Laos, Thailand, VietnamCambodia
82%
Afghanistan, China, India, IranPakistan
80%
Israel, SyriaLebanon
79%
South AfricaLesotho
79%
Colombia, PeruEcuador
79%
Brazil, Suriname, VenezuelaGuyana
77%
Austria, SwitzerlandLiechtenstein
76%
FranceMonaco
75%
Guatemala, MexicoBelize
73%
Saudi ArabiaQatar
73%
Armenia, Azerbaijan, Russia, TurkeyGeorgia
73%
Djibouti, Ethiopia, SudanEritrea
68%
MalaysiaBrunei
60%

Score Distribution

Percentile by Number Answered

Percent of People with Each Score

Your Score History

You have not taken this quiz